000 00695nam a2200289Ia 4500
005 20260324144055.0
008 008 260324s9999 xx 000 0 eng d
020 _a9781315807997
037 _aEBOOK
040 _aCRL
040 _beng
040 _cCRL
041 _2eng
041 _aeng
084 _qCRL
100 _aGeoffrey E. Hinton; James A. Anderson
_91217979
245 0 _aParallel Models of Associative Memory
245 0 _bUpdated Edition
260 _bTaylor and Francis
260 _c1989
365 _a
365 _b350
856 _uhttp://www.taylorfrancis.com/books/9781315807997
942 _cEBOOK
999 _c1824150
_d1824150